000 00264nam a2200097Ia 4500
001 720601
005 20250826163236.0
008 250824s9999 xx 000 0 und d
245 0 _aTEPEKENT BİR KÖYÜN KÜLTÜREL DOKUSU
_cKÖKSAL ALVER
260 _bÇİZGİ YAYINLARI
999 _c720601
_d720601